Élimination par Catégorie - Joueurs de Foot - Statistiques

Statistiques générales
  • Ce quiz a été pris 3 554 fois
  • Le résultat moyen est 12 sur 16
Statistiques - réponses
Groupe # Catégorie % Correct
Vert 22 Joueur membre de l'effectif du Real Madrid 2024/2025
100%
Vert 6 ... ne représentant pas une équipe nationale européenne
95%
Orange 10 ... plus d'une fois
95%
Orange 45 Joueur ayant gagné le Ballon d'or
94%
Orange 7 ... ayant aussi fini deuxième
94%
Vert 4 ... ayant plus de 23 ans
92%
Bleu 22 Joueur faisant partie du Premier League Hall of Fame
75%
Violet 11 Joueur ayant joué pour l'Inter Milan, l'AC Milan et Juventus
74%
Bleu 9 ... en tant qu'attaquant
72%
Bleu 4 ... ayant inscrit deux triplés consécutifs en Premier League
68%
Bleu 1 ... et ayant été le meilleur buteur d'Arsenal 7 saisons consécutives Henry
66%
Vert 1 ... et ayant joué plus de 50 matches en 2023/24 Valverde
58%
Violet 7 ... de nationalité italienne
55%
Violet 3 ... et ayant été élu meilleur joueur de l'année de Serie A
52%
Violet 1 ... trois fois consécutives Pirlo
48%
Orange 1 ... et ayant joué pour la Roja Di Stéfano
33%
Aucun quiz correspondant
Distribution des résultats
% des personnes avec chaque résultat
Percentile par nombre de réponses
Votre historique - résultats
Vous n’avez pas pris ce quiz